| 000 | 00501nam a2200181 a 4500 | ||
|---|---|---|---|
| 001 | 2497 | ||
| 005 | 20140414131925.0 | ||
| 008 | 050602s19uu xx 00 eng d | ||
| 020 | _a0-86163-098-X | ||
| 050 |
_aER _bW63 1985 |
||
| 100 | _aBlyton, Enid | ||
| 245 |
_aWizard's needle (The) / _cEnid Blyton ; illustrated by Rene Cloke. |
||
| 260 |
_aLondon : _bAward Publications, _c1985. |
||
| 300 | _a1 v. p. : ill. ; cm. | ||
| 440 | _aEnid Blyton Library | ||
| 650 | _aFiction. | ||
| 999 |
_c111959 _d111959 |
||